| 000 | 00365nam a2200145 a 4500 | ||
|---|---|---|---|
| 005 | 20140513081057.0 | ||
| 008 | 080110s19uu xx 00 eng d | ||
| 050 |
_aVCD _bEl37 2003 |
||
| 245 | _aElmo's world: singing, drawing & more!. | ||
| 260 |
_bSesame street, _c2003. |
||
| 440 | _aSesame Street | ||
| 650 | _aSinging. | ||
| 650 | _aDrawing. | ||
| 999 |
_c116612 _d116612 |
||